Inventories of apparatus and materials for teaching science / (Record no. 51078)
[ view plain ]
| 000 -LEADER | |
|---|---|
| fixed length control field | 01101nam a2200289 a 4500 |
| 001 - CONTROL NUMBER | |
| control field | 51078 |
| 003 - CONTROL NUMBER IDENTIFIER | |
| rucl marc code | BD-RjUL |
| 005 - DATE AND TIME OF LATEST TRANSACTION | |
| control field | 20211209075616.0 |
| 008 - FIXED-LENGTH DATA ELEMENTS--GENERAL INFORMATION | |
| fixed length control field | 160829s1954 xx 000 0 eng |
| 035 ## - SYSTEM CONTROL NUMBER | |
| System control number | (BD-RjUL)51198 |
| 040 ## - CATALOGING SOURCE | |
| Original cataloging agency | DLC |
| Transcribing agency | TOL |
| Modifying agency | EQO |
| Language of cataloging | eng |
| 041 ## - LANGUAGE CODE | |
| Language code of text/sound track or separate title | eng |
| 082 ## - DEWEY DECIMAL CLASSIFICATION NUMBER | |
| Classification number | 507.8 |
| Author mark and year | INV 1954 |
| 110 2# - MAIN ENTRY--CORPORATE NAME | |
| Corporate name or jurisdiction name as entry element | Unesco. |
| 9 (RLIN) | 152810 |
| 245 10 - TITLE STATEMENT | |
| Title | Inventories of apparatus and materials for teaching science / |
| 260 ## - PUBLICATION, DISTRIBUTION, ETC. (IMPRINT) | |
| Place of publication, distribution, etc. | Paris : |
| Name of publisher, distributor, etc. | UNESCO, |
| Date of publication, distribution, etc. | 1954 |
| 300 ## - PHYSICAL DESCRIPTION | |
| Pagination | v. ; |
| Size | 24 cm. |
| 490 1# - SERIES STATEMENT | |
| Series statement | UNESCO publication 560, 565, 568, 837, 839 |
| 500 ## - GENERAL NOTE | |
| General note | Vol. 3, pt. 4- issued without series designation. |
| General note | "Corrigendum": leaf inserted in v. 1- |
| 504 ## - BIBLIOGRAPHY, ETC. NOTE | |
| Bibliography, etc | Includes bibliographies. |
| 505 0# - FORMATTED CONTENTS NOTE | |
| Formatted contents note | v. 1. Primary, secondary and vocational schools.-- v. 2. Universities.-- v. 3 Technical colleges. pt. 1. Veterinary sciences. pt. 2. Physics and chemical engineering. pt. 3. Agricultural sciences. pt. 4. Electrical engineering. |
| 650 #0 - SUBJECT ADDED ENTRY--TOPICAL TERM | |
| Topical term or geographic name as entry element | Science |
| General subdivision | Study and teaching. |
| 9 (RLIN) | 152799 |
| Topical term or geographic name as entry element | Laboratories |
| General subdivision | Equipment and supplies. |
| 9 (RLIN) | 152800 |
| 942 ## - ADDED ENTRY ELEMENTS (KOHA) | |
| Source of classification or shelving scheme | Dewey Decimal Classification |
| Koha item type | Books |
| Lost status | Source of classification or shelving scheme | Damaged status | Not for loan | Collection code | Permanent Location | Current Location | Shelving location | Date acquired | Source of acquisition | Cost, normal purchase price | Total Checkouts | Full call number | Date last seen | Copy number | Koha item type |
|---|---|---|---|---|---|---|---|---|---|---|---|---|---|---|---|
| Dewey Decimal Classification | Non-fiction | Central Library, University of Rajshahi | Central Library, University of Rajshahi | 26/04/1955 | Feroze and sons | 7.12 | 507.8 INV V-3 & 5 1954 | 29/08/2016 | C-2 | Books |